[Event "45th FIDE Chess Olympiad Open"]
[Site "Budapest, Hungary"]
[Date "2024.09.11"]
[Round "1.51"]
[White "Wong, Kai Meng"]
[Black "Croad, Nicolas"]
[Result "0-1"]
[WhiteElo "1795"]
[BlackElo "2195"]
[PlyCount "52"]
[EventDate "2024.??.??"]
[WhiteTeam "Macau"]
[BlackTeam "New Zealand"]
[WhiteTeamCountry "MAC"]
[BlackTeamCountry "NZL"]
[WhiteClock "0:01:28"]
[BlackClock "0:24:06"]

1. d4 Nf6 2. Nf3 d5 3. e3 e6 4. c4 Bb4+ 5. Bd2 Be7 6. Nc3 O-O 7. Qc2 b6 8. cxd5 exd5 9. Bd3 Bb7 10. O-O c5 11. b3 $146 ({RR} 11. Rac1 Nc6 12. Qb1 c4 13. Be2 a6 14. b3 Na5 15. bxc4 Nxc4 16. Nxd5 Nxd5 17. Bxc4 f5 18. Ne5 g6 19. e4 fxe4 20. Qxe4 Qd6 21. Bb4 Qxb4 22. Bxd5+ Bxd5 23. Qxd5+ Kh8 24. Rb1 Qa5 25. Qe6 Rae8 {Manush,S (2202)-Krishna Teja,N (2371) Moscow 2018 ½-½ (67)}) 11... Nc6 12. a3 Re8 13. Bb5 Bd6 14. Rfd1 a6 15. Bd3 Rc8 16. dxc5 bxc5 17. Na4 Qe7 18. Nb6 Rcd8 19. a4 Ne5 20. Be2 d4 21. Nxe5 Bxe5 22. Rac1 Ne4 23. Bf1 Bxh2+ 24. Kxh2 Qh4+ 25. Kg1 Qxf2+ 26. Kh2 Rd6 0-1

[Event "45th FIDE Chess Olympiad Open"]
[Site "Budapest, Hungary"]
[Date "2024.09.11"]
[Round "1.53"]
[White "Camacho Collados, Jose"]
[Black "Houssein, Mohamed Bilal"]
[Result "1-0"]
[WhiteElo "2352"]
[BlackElo "1870"]
[PlyCount "123"]
[EventDate "2024.??.??"]
[WhiteTeam "Wales"]
[BlackTeam "Djibouti"]
[WhiteTeamCountry "WLS"]
[BlackTeamCountry "DJI"]
[WhiteClock "0:33:22"]
[BlackClock "0:07:06"]

1. Nf3 c5 2. g3 Nf6 3. Bg2 Nc6 4. O-O e5 5. c4 d5 6. cxd5 Nxd5 7. Nc3 Be6 8. d3 Be7 9. Nxd5 Bxd5 10. Be3 O-O 11. Rc1 b6 12. a3 Qd6 13. Qa4 Rac8 14. Nd2 Bxg2 15. Kxg2 f5 16. f3 Kh8 17. Rc4 $146 ({RR} 17. Rfd1 h5 18. Bf2 Bg5 19. h4 Bh6 20. Nc4 Qg6 21. Rc3 Rce8 22. b4 Nd4 23. bxc5 b5 24. Nxe5 Rxe5 25. Qxd4 Rxe2 26. c6 f4 27. Kf1 Qe6 28. c7 fxg3 29. c8=Q Rxc8 30. Rxc8+ Qxc8 31. Kxe2 Qc2+ {Sargsyan,S (2630)-Paravyan,D (2584) chess.com INT 2023 0-1 (115)}) 17... Na5 18. Rc2 Qc6 19. Qxc6 Nxc6 20. b4 Nd4 21. Bxd4 exd4 22. bxc5 Rxc5 23. Rxc5 Bxc5 24. Nb3 Re8 25. Kf2 a5 26. Nxc5 bxc5 27. Rb1 Kg8 28. Rb5 Rc8 29. Rxa5 c4 30. dxc4 Rxc4 31. Rxf5 Ra4 32. Rf4 h6 33. h4 Kh7 34. h5 Kg8 35. Ke1 Kh7 36. Kd2 Kg8 37. Kd3 Rxa3+ 38. Kxd4 Ra4+ 39. Ke3 Ra3+ 40. Kf2 Ra2 41. Rf5 Rb2 42. f4 Ra2 43. Kf3 Ra3+ 44. e3 Rb3 45. g4 Ra3 46. g5 hxg5 47. Rxg5 Kf7 48. Rf5+ Ke6 49. Rb5 Kf6 50. Rb6+ Kf7 51. h6 gxh6 52. Rxh6 Ra1 53. e4 Ra3+ 54. Kg4 Ra5 55. e5 Ke7 56. Kf5 Ra4 57. Rh7+ Kf8 58. Rb7 Ke8 59. e6 Kd8 60. Ke5 Kc8 61. Rd7 Ra5+ 62. Kf6 1-0

[Event "45th FIDE Chess Olympiad Open"]
[Site "Budapest, Hungary"]
[Date "2024.09.11"]
[Round "1.54"]
[White "Omar, Aden Omar"]
[Black "Toczek, Grzegorz"]
[Result "1/2-1/2"]
[WhiteElo "1779"]
[BlackElo "2301"]
[PlyCount "114"]
[EventDate "2024.??.??"]
[WhiteTeam "Djibouti"]
[BlackTeam "Wales"]
[WhiteTeamCountry "DJI"]
[BlackTeamCountry "WLS"]
[WhiteClock "0:21:28"]
[BlackClock "0:18:46"]

1. e4 c6 2. d4 d5 3. Nc3 dxe4 4. Nxe4 Nf6 5. Nxf6+ exf6 6. Bd3 Qxd4 7. Nf3 Qd5 ({RR} 7... Qd8 8. O-O Be7 9. Re1 O-O 10. Bf4 f5 11. Qe2 Bd6 12. Bxd6 Qxd6 13. Rad1 Qf6 14. Bc4 Nd7 15. Qe7 Qxe7 16. Rxe7 b5 17. Bb3 Nc5 18. Ne5 Be6 19. Nxc6 a5 20. Bxe6 fxe6 21. Rc7 Rf7 22. Ne7+ {Safarli,E (2595)-Ivanov,M (2248) Novi Sad SRB 2024 1-0 (53)}) 8. O-O Be6 9. Re1 Nd7 10. Bf4 $146 ({RR} 10. Qe2 Be7 11. b3 Ne5 12. Nxe5 Qxe5 13. Qxe5 fxe5 {½-½ (13) Safarli,E (2616)-Vallejo Pons,F (2716) Sant Boi ESP 2022}) ({RR} 10. c4 Qd6 11. b4 Qxb4 12. Nd4 Ne5 13. Nxe6 fxe6 14. Bf1 Rd8 15. Qh5+ g6 16. Qe2 Bc5 17. Bh6 Rd7 18. Kh1 Be7 19. Rad1 Rxd1 20. Rxd1 Qa4 21. Re1 Qb4 22. Rd1 Qa4 23. Re1 Bb4 24. Rb1 Kf7 {Guseinov,G (2636)-Anton Guijarro,D (2670) Samarkand UZB 2023 ½-½ (40)}) ({RR} 10. Qe2 Be7 11. Bf4 O-O 12. Rad1 Qh5 13. Bc4 Nc5 14. b4 Bxc4 15. Qxc4 Ne6 16. Rd7 b5 17. Qxc6 Bxb4 18. Rxe6 fxe6 19. Qb7 Rad8 20. Rxg7+ Kh8 21. h4 Rg8 22. Rxg8+ Kxg8 23. Qe4 Bc5 24. Qxe6+ Qf7 {Christiansen,J (2620)-Diermair,A (2476) Trieste 2021 ½-½ (53)}) 10... Nc5 11. Bf1 O-O-O 12. Qe2 Be7 13. a4 Rhe8 14. b4 Nd7 15. Qa6 Bd6 16. Bxd6 Qxd6 17. Qxa7 Qb8 18. Qd4 Ne5 19. Qc3 Bd5 20. Nd4 Qd6 21. b5 Kb8 22. Reb1 c5 23. Nf5 Qd7 24. Ne3 Be6 25. b6 Qd4 26. Qa3 Nc4 27. Bxc4 Bxc4 28. c3 Qf4 29. Qxc5 Ba6 30. Rd1 Qe5 31. Qb4 f5 32. c4 f4 33. Nd5 f3 34. Nc7 Qg5 35. g3 Rxd1+ 36. Rxd1 Rd8 37. Nxa6+ bxa6 38. Qb3 Rxd1+ 39. Qxd1 Qf6 40. h3 Qxb6 41. Qxf3 Qe6 42. c5 Kc7 43. Kh2 g6 44. Qc3 h5 45. Qa5+ Kb7 46. Qb4+ Kc6 47. a5 Kd5 48. Qb6 Qc6 49. g4 hxg4 50. hxg4 Qxc5 51. Qb7+ Ke5 52. Qxf7 Qxa5 53. Qe7+ Kf4 54. Qf6+ Kxg4 55. Qxg6+ Kf4 56. Qf6+ Qf5 57. Qxa6 Ke5 1/2-1/2

[Event "45th FIDE Chess Olympiad Open"]
[Site "Budapest, Hungary"]
[Date "2024.09.11"]
[Round "1.55"]
[White "Blackburn, Jonathan L B"]
[Black "Mohamed Ali Dima"]
[Result "1-0"]
[WhiteElo "2202"]
[BlackElo "1761"]
[PlyCount "51"]
[EventDate "2024.??.??"]
[WhiteTeam "Wales"]
[BlackTeam "Djibouti"]
[WhiteTeamCountry "WLS"]
[BlackTeamCountry "DJI"]
[WhiteClock "0:20:18"]
[BlackClock "0:04:52"]

1. d4 e6 2. c4 b6 3. Nf3 Bb7 4. g3 g6 5. Bg2 d6 ({RR} 5... Bg7 6. O-O Ne7 7. Nc3 d6 8. e4 Nd7 9. Be3 O-O 10. Re1 e5 11. Qd2 c5 12. d5 Nf6 13. h3 Ba6 14. b3 Bc8 15. Rab1 Kh8 16. a3 Nh5 17. b4 f5 18. bxc5 bxc5 19. Ne2 Ng8 20. Rb3 {LCZero 0.31-dag-5107404-T2-52 (3633)-KomodoDragon 3.2 (3587) tcec-chess.com INT 2023 1-0 (101)}) ({RR} 5... Bg7 6. O-O Nf6 7. Nc3 Ne4 8. Bd2 O-O 9. Qc2 Nxc3 10. Bxc3 d5 11. cxd5 exd5 12. Rac1 Re8 13. Rfd1 Nd7 14. b4 c6 15. e3 b5 16. Qb1 Qe7 17. a3 f5 18. Ne1 Qf7 19. Nd3 Bf8 20. Rc2 {Barria Zuniga,D (2341)-Lorenzo de la Riva,L (2419) chess.com INT 2024 1-0 (51)}) 6. Nc3 Nd7 7. O-O Bg7 8. Rb1 $146 ({RR} 8. e4 Ngf6 9. Re1 O-O 10. h3 c5 11. e5 Ne8 12. exd6 Nxd6 13. d5 e5 14. Bf1 Re8 15. Ng5 Nf6 16. Rb1 Bc8 17. Ra1 {½-½ (17) Simon del Sol,J (2007)-Arimany Sala,J (1856) Moia 2013}) ({RR} 8. e4 Ne7 9. Be3 O-O 10. Qd2 Re8 11. Bh6 Bh8 12. d5 e5 13. Ng5 Bg7 14. Bxg7 Kxg7 15. f4 h6 16. Nf3 Nc8 17. Bh3 f6 18. Rf2 Ne7 19. Raf1 Ng8 20. Be6 Qe7 21. Nh4 Kh7 22. Nb5 Nc5 {Mueller,A (2080)-Scheynin,J (2072) Germany 2004 1-0 (40)}) ({RR} 8. Ne1 Bxg2 9. Kxg2 Ne7 10. e4 O-O 11. d5 exd5 12. Nxd5 Nxd5 13. Qxd5 Re8 14. f3 Ne5 15. Qb5 a6 16. Qb3 Qd7 17. Bd2 Kh8 18. Rc1 f5 19. exf5 Qxf5 20. Qc2 Qf7 21. b3 Nc6 22. Bc3 Nd4 {Kovac,A (2169)-Druska,J (2383) Martin 2013 ½-½ (35)}) 8... Ne7 9. e4 h6 10. Be3 a6 11. Qd2 g5 12. h4 g4 13. Nh2 h5 14. f3 f5 15. fxg4 fxg4 16. Rf2 c5 17. dxc5 dxc5 18. Qd6 Nf8 19. Qf4 Bxc3 20. bxc3 Nf5 21. exf5 Qd3 22. Bxb7 Qxb1+ 23. Rf1 Qxf5 24. Qd6 Rd8 25. Bc6+ Kf7 26. Qxd8 1-0

[Event "45th FIDE Chess Olympiad Open"]
[Site "Budapest, Hungary"]
[Date "2024.09.11"]
[Round "1.57"]
[White "Enemchukwu Chinedu Benjamin"]
[Black "Barrish, Daniel"]
[Result "1/2-1/2"]
[WhiteElo "2001"]
[BlackElo "2281"]
[PlyCount "127"]
[EventDate "2024.??.??"]
[WhiteTeam "Saint Vincent and the Grenadines"]
[BlackTeam "South Africa"]
[BlackTeamCountry "RSA"]
[WhiteClock "0:14:33"]
[BlackClock "0:02:05"]

1. e4 c6 2. d4 d5 3. Nc3 dxe4 4. f3 exf3 5. Nxf3 Nf6 6. Bc4 Bf5 7. O-O e6 8. Ne5 Bg6 9. Nxg6 ({RR} 9. g4 Nbd7 10. Nxg6 hxg6 11. g5 Qc7 12. Rf2 Bd6 13. Qe2 Nh5 14. Ne4 Nb6 15. Bb3 O-O 16. Nxd6 Qxd6 17. Be3 Nd5 18. Raf1 Ng3 19. hxg3 Qxg3+ 20. Kh1 Nxe3 21. Re1 Nf5 22. Bxe6 fxe6 23. Qxe6+ Rf7 {Curi,G (2264)-Zelcic,R (2531) Mallorca 2004 0-1}) ({RR} 9. Ne2 Nbd7 10. Nxg6 hxg6 11. Nf4 Qc7 12. g3 O-O-O 13. Qe1 Nb6 14. Bb3 Rxd4 15. c3 Re4 16. Qd1 Bc5+ 17. Kg2 Qe5 18. Qf3 g5 19. Nd3 Re2+ 20. Nf2 g4 21. Qf4 Qxf4 22. Bxf4 Ne4 23. Bd1 Rxf2+ {Meduri,A (1956)-Pham Le Thao Nguyen (2395) chess.com INT 2024 0-1 (52)}) 9... hxg6 10. h3 $146 ({RR} 10. Be3 Bd6 11. g3 Nbd7 12. Qe2 Qc7 13. d5 Bxg3 14. hxg3 Qxg3+ 15. Qg2 Qxe3+ 16. Rf2 cxd5 17. Bb5 O-O-O 18. Kf1 Ne5 19. Re1 Qd4 20. Rd1 Qc5 21. Be2 Rh4 22. Ke1 Qe3 23. Nb5 Nfg4 24. Rf1 Rh2 {Burke,P-Avazkhonov,A (1538) Chess.com INT 2022 0-1}) ({RR} 10. Ne2 Be7 11. Nf4 Qd6 12. g3 Nbd7 13. c3 Nb6 14. Be2 Nbd5 15. c4 Nxf4 16. Bxf4 Qd7 17. Bf3 O-O 18. Rc1 Rfd8 19. d5 exd5 20. cxd5 Nxd5 21. Bg4 f5 22. Be2 Nxf4 23. gxf4 Qxd1 24. Bxd1 Kf7 {Postupalsky,M (2135)-Gorodetsky,A (2096) Tula 2008 ½-½ (49)}) 10... Nbd7 11. a4 Bd6 12. Be3 O-O 13. Qe1 Nd5 14. Nxd5 exd5 15. Bd3 Bc7 16. Qf2 Nf6 17. Qh4 Ne4 18. Qxd8 Raxd8 19. Bxe4 dxe4 20. c3 f5 21. Rae1 f4 22. Bc1 Rde8 23. g3 fxg3 24. Rxf8+ Kxf8 25. Kg2 Re7 26. Bg5 Rf7 27. Re2 Rf5 28. Bd2 b5 29. axb5 Rxb5 30. Bc1 Rf5 31. Bd2 a5 32. Be1 Rb5 33. b4 axb4 34. cxb4 Kf7 35. Rxe4 Bd6 36. Re3 g5 37. Bxg3 Bxb4 38. Kf3 Ra5 39. Re5 Ra3+ 40. Re3 Ra4 41. Kg4 c5 42. Re4 Bc3 43. Kxg5 Rxd4 44. Rxd4 Bxd4 45. Kf5 g6+ 46. Ke4 Ke6 47. Bf4 Bf6 48. Be3 Kd6 49. Bf2 Kc6 50. h4 c4 51. Be1 Kd6 52. Bb4+ Ke6 53. Be1 c3 54. h5 g5 55. h6 Be5 56. h7 c2 57. Bd2 g4 58. Kd3 Kf7 59. Kxc2 Kg7 60. Kd3 Kxh7 61. Ke4 Bd6 62. Bf4 Bxf4 63. Kxf4 Kg6 64. Kxg4 1/2-1/2

[Event "45th FIDE Chess Olympiad Open"]
[Site "Budapest, Hungary"]
[Date "2024.09.11"]
[Round "1.58"]
[White "Karsten, Jan"]
[Black "Cottle, Brian S"]
[Result "1-0"]
[WhiteElo "2311"]
[BlackElo "1804"]
[PlyCount "81"]
[EventDate "2024.??.??"]
[WhiteTeam "South Africa"]
[BlackTeam "Saint Vincent and the Grenadines"]
[WhiteTeamCountry "RSA"]
[WhiteClock "0:44:33"]
[BlackClock "0:03:48"]

1. e4 Nf6 2. e5 Nd5 3. d4 d6 4. Nf3 g6 5. Bc4 Nb6 6. Bb3 Bg7 7. Ng5 d5 8. f4 Nc6 9. c3 h6 ({RR} 9... Bf5 10. O-O Qd7 11. Qe1 h6 12. Nf3 O-O-O 13. Nbd2 Rdg8 14. Nh4 Bf8 15. Nxf5 gxf5 16. Bd1 e6 17. Bh5 Rh7 18. Nf3 Kb8 19. b3 Rhg7 20. Rf2 Nc8 21. Be3 Be7 22. Kh1 f6 23. Rc2 fxe5 24. dxe5 {Anand,V (2505)-Hegde,R (2345) Coimbatore 1987 1-0 (46)}) 10. Nf3 Bg4 ({RR} 10... Bf5 11. O-O Na5 12. Bc2 Bxc2 13. Qxc2 Qd7 14. Nbd2 O-O-O 15. Nb3 Nxb3 16. axb3 a6 17. Be3 Qb5 18. Nd2 Qe2 19. Rfe1 Qg4 20. b4 g5 21. f5 Qh5 22. Bf2 g4 23. Qd3 Rhg8 24. b5 axb5 25. Ra5 {Santos,M-Passos Coutinho,E (1809) Sao Paulo 2013 1-0 (32)}) 11. h3 $146 ({RR} 11. Nbd2 e6 12. h3 Bxf3 13. Nxf3 h5 14. O-O Ne7 15. a4 Nf5 16. a5 Nc8 17. Bc2 Nce7 18. g4 hxg4 19. hxg4 Nh6 20. Ng5 Qd7 21. Qe2 a6 22. Kg2 O-O-O 23. Bd3 Rdf8 24. Bd2 Nc6 25. Rh1 Qe8 {Nikolov,S (2395)-Mitev,G (2280) Pazardzik 1991 1-0 (37)}) 11... Bf5 12. Qe2 Qd7 13. a4 Na5 14. Bc2 Bxc2 15. Qxc2 O-O 16. b3 Rac8 17. Ba3 Rfe8 18. g4 e6 19. h4 Bf8 20. h5 Bxa3 21. Nxa3 Kg7 22. g5 Rh8 23. hxg6 hxg5 24. O-O-O Qe7 25. Kb2 g4 26. gxf7 Qxf7 27. Ng5 Qf5 28. Nxe6+ Qxe6 29. f5 Qe8 30. f6+ Kf7 31. Rh7+ Rxh7 32. Qxh7+ Ke6 33. Rf1 Nc6 34. Qf5+ Kf7 35. Qh5+ Kf8 36. Qh6+ Kf7 37. Qg7+ Ke6 38. Qxg4+ Kf7 39. e6+ Qxe6 40. Qg7+ Ke8 41. f7+ 1-0

[Event "45th FIDE Chess Olympiad Open"]
[Site "Budapest, Hungary"]
[Date "2024.09.11"]
[Round "1.59"]
[White "Schneider, James U"]
[Black "Levitan, Caleb Levi"]
[Result "0-1"]
[WhiteElo "1486"]
[BlackElo "2193"]
[PlyCount "38"]
[EventDate "2024.??.??"]
[WhiteTeam "Saint Vincent and the Grenadines"]
[BlackTeam "South Africa"]
[BlackTeamCountry "RSA"]
[WhiteClock "1:03:05"]
[BlackClock "1:07:49"]

1. e4 c5 2. Nc3 e6 3. Nf3 Nc6 4. d4 cxd4 5. Nxd4 Nf6 6. Be3 Bb4 7. f3 O-O 8. Be2 d5 9. Nxc6 bxc6 10. e5 Nd7 11. f4 c5 12. Bd2 d4 $146 ({RR} 12... a6) ({RR} 12... f6 13. exf6 Nxf6 14. O-O Rb8 15. b3 Bd7 16. Nb1 Ne4 17. Bxb4 Rxb4 18. c4 Qf6 19. Nd2 Qd4+ 20. Kh1 Nxd2 21. Re1 dxc4 22. Bxc4 Nxc4 23. bxc4 Rxc4 24. Qxd4 cxd4 25. g3 Bc6+ {0-1 (25) Andersson,C (1483)-Ostberg,P (2250) Sweden 2001}) ({RR} 12... Qb6 13. Na4 Bxd2+ 14. Qxd2 Qc6 15. b3 Bb7 16. O-O Rab8 17. Rad1 Nb6 18. Nxb6 axb6 19. c3 b5 20. Qe1 f6 21. Qh4 fxe5 22. fxe5 c4 23. b4 Qc7 24. Qg3 Rxf1+ 25. Rxf1 Ra8 26. Qf4 Qe7 27. Qd2 {Sanchez De Medina Vilagrasa,E (1498)-Abdelkadeer Garstka,A (1628) Barcelona 2019 1-0 (47)}) 13. Nb5 Bxd2+ 14. Qxd2 f6 15. Bc4 fxe5 16. Bxe6+ Kh8 17. fxe5 Qh4+ 18. g3 Qe4+ 19. Qe2 Qxh1+ 0-1

[Event "45th FIDE Chess Olympiad Open"]
[Site "Budapest, Hungary"]
[Date "2024.09.11"]
[Round "1.61"]
[White "Arab, Adlane"]
[Black "Koumba, Mounguen Jose Evrar"]
[Result "1-0"]
[WhiteElo "2477"]
[BlackElo "1957"]
[PlyCount "101"]
[EventDate "2024.??.??"]
[WhiteTeam "Algeria"]
[BlackTeam "Gabon"]
[WhiteTeamCountry "ALG"]
[BlackTeamCountry "GAB"]
[WhiteClock "0:40:47"]
[BlackClock "0:19:47"]

1. d4 Nf6 2. c4 g6 3. Nc3 c5 4. d5 Bg7 5. e4 d6 6. Bd3 O-O 7. h3 e6 8. Nf3 exd5 9. cxd5 b5 10. Nxb5 Re8 11. O-O Nxe4 12. Re1 a6 13. Na3 f5 ({RR} 13... Nf6 14. Nc4 Rxe1+ 15. Nxe1 Bb7 16. Bf4 Bf8 17. Be2 Bxd5 18. Bf3 Bxf3 19. Qxf3 d5 20. Ne3 Nc6 21. Bg5 Be7 22. Bxf6 Bxf6 23. Rd1 Bxb2 24. Rxd5 Qf8 25. Nd3 Bd4 26. Nc4 Ra7 27. Rd6 Ne5 28. Qd5 {Khamrakulov,D (2494)-Ansh,M (2250) Rockville USA 2024 ½-½ (37)}) 14. Nc4 Nf6 15. Rxe8+ Nxe8 16. Bg5 $146 ({RR} 16. Bf4 Bb7 17. Bc2 Qe7 18. Qd2 Nd7 19. Re1 Qf7 20. Bb3 Ndf6 21. Ng5 Qxd5 22. Nb6 Qxb3 23. axb3 d5 24. Nxa8 Bxa8 25. Qa5 Ne4 26. Qd8 Bc6 27. Qe7 d4 28. Qe6+ Kh8 29. Nf7+ Kg8 30. Nh6+ {1-0 (30) Ross,N (1777)-Jayakumar,N (1613) Hofheim 2013}) 16... Nf6 17. Qb3 Nbd7 18. Re1 Rb8 19. Qd1 Nb6 20. Na5 Bd7 21. b3 Qc7 22. Qd2 Re8 23. Rxe8+ Bxe8 24. Bxf6 Bxf6 25. Bxa6 Bf7 26. Bc4 Qe7 27. Qd3 Qe4 28. a4 Qxd3 29. Bxd3 Bxd5 30. Nc4 Nxc4 31. Bxc4 Bxc4 32. bxc4 Bc3 33. Kf1 Kf8 34. Ke2 Ke7 35. Kd3 Bf6 36. g4 Kd7 37. gxf5 gxf5 38. Ke3 Be5 39. Nh4 Bd4+ 40. Kf3 f4 41. Ng2 Kc6 42. Nxf4 Kb6 43. Ne6 Bb2 44. Ke4 Kc6 45. a5 Bc3 46. a6 Bf6 47. f4 Kb6 48. Ng5 Kxa6 49. Nxh7 Be7 50. f5 Ka5 51. f6 1-0

[Event "45th FIDE Chess Olympiad Open"]
[Site "Budapest, Hungary"]
[Date "2024.09.11"]
[Round "1.62"]
[White "Bongo Akanga Ndjila, Barthelemy"]
[Black "Djabri, Massinas"]
[Result "0-1"]
[WhiteElo "1894"]
[BlackElo "2280"]
[PlyCount "66"]
[EventDate "2024.??.??"]
[WhiteTeam "Gabon"]
[BlackTeam "Algeria"]
[WhiteTeamCountry "GAB"]
[BlackTeamCountry "ALG"]
[WhiteClock "0:01:06"]
[BlackClock "0:23:54"]

1. d4 Nf6 2. c4 g6 3. Nc3 Bg7 4. e4 d6 5. Be2 O-O 6. Nf3 Nbd7 7. O-O e5 8. d5 Nc5 9. Nd2 a5 10. Re1 Nfd7 11. Nf1 f5 12. exf5 gxf5 13. f4 Ne4 $146 ({RR} 13... e4 14. Be3 b6 15. Ng3 Nb8 16. Nh5 Bh8 17. Bd4 Qe7 18. Bxh8 Kxh8 19. Qd4+ Kg8 20. Bd1 Nbd7 21. Re3 Kf7 22. Rg3 Rg8 23. Rg7+ Rxg7 24. Qxg7+ Ke8 25. Qh8+ Nf8 26. Nf6+ Kd8 27. Nxh7 Qxh7 28. Qxf8+ {Vishnu,P (2524)-Saif,M (2019) Dubai 2019 1-0 (38)}) 14. fxe5 Bxe5 15. Nxe4 fxe4 16. Bh6 Rxf1+ 17. Rxf1 Qh4 18. g3 Qxh6 19. Bg4 Nb6 20. Bf5 Bxf5 21. Rxf5 Qg6 22. Qf1 Nxc4 23. Qh3 Ne3 24. Rf2 Ng4 25. Re2 Bd4+ 26. Kg2 Rf8 27. Rf1 Rxf1 28. Kxf1 Qf5+ 29. Ke1 e3 30. Rg2 h5 31. Ke2 Bxb2 32. Qh4 Bf6 33. Qh3 Qxd5 0-1

[Event "45th FIDE Chess Olympiad Open"]
[Site "Budapest, Hungary"]
[Date "2024.09.11"]
[Round "1.66"]
[White "Mwadzura, Roy"]
[Black "Heim, Colin Peter"]
[Result "1-0"]
[WhiteElo "2229"]
[BlackElo "1751"]
[PlyCount "27"]
[EventDate "2024.??.??"]
[WhiteTeam "Zimbabwe"]
[BlackTeam "US Virgin Islands"]
[WhiteTeamCountry "ZIM"]
[WhiteClock "1:27:07"]
[BlackClock "1:22:32"]

1. e4 c5 2. Nf3 Nc6 3. c3 e6 4. d4 cxd4 5. cxd4 Bb4+ 6. Nc3 Nf6 7. Bd3 a6 8. O-O O-O ({RR} 8... Be7 9. a3 d6 10. e5 dxe5 11. dxe5 Nd7 12. Re1 f5 13. exf6 Nxf6 14. b4 b5 15. Bb2 O-O 16. Qc2 Nd4 17. Nxd4 Qxd4 18. Nxb5 Qh4 19. Nd4 Bd6 20. Nf3 Qh6 21. Qc6 Bxh2+ 22. Nxh2 Rb8 23. Be5 {Zas,G-Castagnet,C (1641) Montevideo 2022 0-1 (57)}) 9. e5 Ne8 10. Bxh7+ Kh8 $146 ({RR} 10... Kxh7 11. Ng5+ Kg6 12. Qg4 f5 13. Qh4 Nf6 14. exf6 Rg8 15. Qg3 Kxf6 16. d5 Nd4 17. Nxe6 Nxe6 18. dxe6 Qa5 19. Qg5+ Kxe6 20. Qg6+ {1-0 (20) Breja,S (2145)-Baranek,M (1629) Slovakia 1998}) 11. Ng5 g6 12. Nxf7+ Rxf7 13. Bxg6 Rf8 14. Qh5+ 1-0

[Event "45th FIDE Chess Olympiad Open"]
[Site "Budapest, Hungary"]
[Date "2024.09.11"]
[Round "1.68"]
[White "Mapuranga, Vitalis"]
[Black "Smith, Michael"]
[Result "1-0"]
[WhiteElo "2013"]
[BlackElo "1718"]
[PlyCount "47"]
[EventDate "2024.??.??"]
[WhiteTeam "Zimbabwe"]
[BlackTeam "US Virgin Islands"]
[WhiteTeamCountry "ZIM"]
[WhiteClock "1:02:06"]
[BlackClock "0:45:37"]

1. e4 Nf6 2. e5 Nd5 3. c4 Nb6 4. d4 Nc6 ({RR} 4... e6 5. Nc3 d5 6. exd6 cxd6 7. Nf3 Be7 8. Be2 O-O 9. O-O Nc6 10. b3 e5 11. d5 Nb4 12. a3 Na6 13. Be3 Bf5 14. b4 Rc8 15. Qb3 Bg4 16. Nd2 Bxe2 17. Nxe2 Bg5 18. Rac1 Nd7 19. Ne4 {Bivol,A (2373)-Krasenkova,I (2178) Moscow 2020 1-0 (33)}) 5. f4 ({RR} 5. Nf3 d5 6. c5 Nd7 7. Nc3 e6 8. Bb5 a6 9. Ba4 b5 10. Bc2 Bb7 11. O-O Be7 12. Ne1 O-O 13. f4 f6 14. Qg4 fxe5 15. fxe5 Rxf1+ 16. Kxf1 Qf8+ 17. Nf3 Nb4 18. Qxe6+ Kh8 19. Bb3 Nc6 {Feller,G (1761)-Aronian,L Chess.com INT 2021 1-0 (32)}) 5... e6 6. a3 $146 ({RR} 6. Nf3 d5 7. exd6 Bxd6 8. c5 Bxc5 9. dxc5 Qxd1+ 10. Kxd1 Nd5 11. Bb5 Bd7 12. Re1 e5 13. fxe5 a6 14. Bxc6 bxc6 15. Ng5 O-O 16. a3 Bg4+ 17. Kc2 Rab8 18. Nc3 Bf5+ 19. Nge4 Bg6 20. Bg5 h6 {Feldmann,J (1347)-Duarte,G (1673) Florianopolis 2019 1-0}) ({RR} 6. Nf3 Be7 7. Be2 d5 8. c5 Nd7 9. O-O b6 10. Bb5 Bb7 11. Qa4 Ndb8 12. b4 O-O 13. Bd3 a5 14. b5 Nb4 15. Be2 bxc5 16. a3 cxd4 17. Qb3 d3 18. Bd1 Bc5+ 19. Kh1 Nc2 20. Ra2 Ne3 {Gudmundsson,K-Jonsson,S Reykjavik 2000 1-0 (53)}) 6... d5 7. c5 Nd7 8. Nf3 b6 9. Bb5 Bb7 10. Qa4 Ndb8 11. cxb6 axb6 12. Qc2 Be7 13. O-O O-O 14. f5 Ra5 15. Nc3 Ba6 16. Bxa6 Rxa6 17. Be3 Nd7 18. Nxd5 Nxd4 19. Nxe7+ Qxe7 20. Bxd4 c5 21. Bc3 Rd8 22. f6 gxf6 23. exf6 Nxf6 24. Ng5 1-0

[Event "45th FIDE Chess Olympiad Open"]
[Site "Budapest, Hungary"]
[Date "2024.09.11"]
[Round "1.69"]
[White "Miguel, Sergio"]
[Black "Christopher, Art"]
[Result "1-0"]
[WhiteElo "2241"]
[BlackElo "1779"]
[PlyCount "97"]
[EventDate "2024.??.??"]
[WhiteTeam "Angola"]
[BlackTeam "British Virgin Islands"]
[WhiteTeamCountry "ANG"]
[BlackTeamCountry "IVB"]
[WhiteClock "0:55:59"]
[BlackClock "0:09:40"]

1. e4 e5 2. Nf3 Nc6 3. Bc4 Nf6 4. d3 Be7 5. O-O O-O 6. Nc3 d6 7. a4 Nb4 8. Ne2 c5 9. Ng3 ({RR} 9. c3 Nc6 10. Ng3 h6 11. h3 Be6 12. Bxe6 fxe6 13. d4 cxd4 14. cxd4 exd4 15. Nxd4 Nxd4 16. Qxd4 a6 17. Be3 Qd7 18. Rfd1 Rac8 19. Rac1 Rxc1 20. Rxc1 Rc8 21. Rxc8+ Qxc8 22. Qd3 Qc6 23. b3 Nd7 {Dragun,K (2553)-Heberla,B (2546) chess.com INT 2024 1-0 (54)}) 9... Bg4 $146 ({RR} 9... Nc6 10. c3 h6 11. h3 a6 12. Bd2 Be6 13. Bxe6 fxe6 14. b4 cxb4 15. cxb4 b5 16. Qb3 Qd7 17. Ra2 Rac8 18. axb5 axb5 19. Rc1 d5 20. Rac2 Kh7 21. Bc3 Bd6 22. Qb2 d4 23. Bd2 Ng8 24. Qa2 {Dominguez Perez,L (2739)-Caruana,F (2782) Baku AZE 2023 ½-½ (71)}) 10. c3 Nc6 11. h3 Be6 12. Ng5 Bxc4 13. dxc4 h6 14. Nf3 Qc7 15. Re1 Rfe8 16. Nh4 Bf8 17. Nhf5 Rad8 18. Qf3 Re6 19. b3 Ne7 20. Ne3 Ng6 21. Ngf5 b6 22. g3 Qb7 23. Ng4 Nxg4 24. hxg4 Ne7 25. Kg2 Nxf5 26. gxf5 Rf6 27. g4 g5 28. Qd3 a6 29. f3 Bg7 30. Be3 Qc7 31. Rh1 Qb7 32. Rh5 Kf8 33. Rah1 Ke7 34. Qd2 Rg8 35. Kf1 b5 36. cxb5 axb5 37. a5 b4 38. cxb4 cxb4 39. Kg2 Ra8 40. Bb6 Rc8 41. Qxb4 Qa6 42. Kg3 Kd7 43. Rd1 Bf8 44. Rd5 Qe2 45. Rh2 Qa6 46. Rhd2 h5 47. gxh5 Rh6 48. Kg4 Qf1 49. Qb5+ 1-0

[Event "45th FIDE Chess Olympiad Open"]
[Site "Budapest, Hungary"]
[Date "2024.09.11"]
[Round "1.70"]
[White "Potter, Simon"]
[Black "Sapalo, Gabriel"]
[Result "0-1"]
[WhiteElo "1663"]
[BlackElo "2058"]
[PlyCount "75"]
[EventDate "2024.??.??"]
[WhiteTeam "British Virgin Islands"]
[BlackTeam "Angola"]
[WhiteTeamCountry "IVB"]
[BlackTeamCountry "ANG"]
[WhiteClock "0:47:55"]
[BlackClock "0:23:30"]

1. e4 c5 2. Nf3 d6 3. Bc4 e6 4. a3 a6 5. d3 Nc6 6. O-O Nf6 7. Nc3 Be7 8. Ne2 $146 ({RR} 8. Bf4 O-O 9. d4 cxd4 10. Nxd4 Nxe4 11. Nxc6 bxc6 12. Ne2 d5 13. Bd3 Nf6 14. Be5 Bd6 15. Bd4 e5 16. Bc3 e4 17. Ng3 exd3 18. Qxd3 Bxg3 19. fxg3 Ne4 20. Be5 Bb7 21. Rf4 Qb6+ 22. Kf1 a5 {Brugnolo,P (1498)-De Polzer,M (1697) Courmayeur 2011 0-1 (35)}) ({RR} 8. Ba2 O-O 9. Bg5 b5 10. Re1 h6 11. Bh4 Qc7 12. Qe2 Bb7 13. e5 dxe5 14. Nxe5 Nxe5 15. Qxe5 Bd6 16. Qe3 Bxh2+ 17. Kf1 Bf4 18. Qh3 Nh7 19. Ne4 Bxe4 20. Rxe4 Ng5 21. Bxg5 Bxg5 22. g3 Bf6 {Crocetta,F-Mogranzini,R Italy 1996 0-1 (72)}) ({RR} 8. Re1 O-O 9. Bg5 Nd7 10. Bxe7 Qxe7 11. d4 cxd4 12. Nxd4 Nb6 13. Nxc6 bxc6 14. Bd3 Qg5 15. Re3 e5 16. Rg3 Qh6 17. Qf3 Be6 18. Qe3 Qxe3 19. Rxe3 Nc4 20. Bxc4 Bxc4 21. b3 Be6 22. Rd1 Rad8 {Schuenemann,K-Berg,J (2200) Wiesbaden 1992 1-0 (48)}) 8... b5 9. Ba2 d5 10. exd5 Nxd5 11. Ng3 O-O 12. Bd2 Bb7 13. Re1 Rc8 14. Ne5 Nxe5 15. Rxe5 Bf6 16. Rh5 Bxb2 17. Rb1 Nc3 18. Bxc3 Bxc3 19. Qg4 g6 20. Rh3 Bg7 21. Ne2 Bd5 22. Bxd5 Qxd5 23. Re1 Qa2 24. Nf4 e5 25. Nh5 gxh5 26. Rxh5 Rc6 27. h3 Rg6 28. Qf3 Qxc2 29. Qe4 Rd8 30. Re3 Qd1+ 31. Kh2 Qxh5 32. Qb7 Qg5 33. Re2 f5 34. f3 Rxd3 35. Qc8+ Rd8 36. Qxc5 Qg3+ 37. Kh1 Rd1+ 38. Qg1 0-1